header

The church at the turning points of history (Record no. 153274)

MARC details
000 -LEADER
fixed length control field 01409nam a2200325Ia 4500
100 1# - MAIN ENTRY--AUTHOR NAME
Personal name Kurth, Godefroid,
245 14 - TITLE STATEMENT
Title The church at the turning points of history
260 ## - PUBLICATION, DISTRIBUTION, ETC. (IMPRINT)
Place of publication Norfolk, VA :
Name of publisher Gates of Vienna Books/IHS Press,
Year of publication 2007.
300 ## - PHYSICAL DESCRIPTION
Number of Pages 126 p. :
Other physical details ill.
500 ## - GENERAL NOTE
General note Originally published: Helena, Mont. : Naegele Printing Co., 1918.
650 #0 - SUBJECT ADDED ENTRY--TOPICAL TERM
Topical Term Church history.
Topical Term Christianity and culture.
856 40 - ELECTRONIC LOCATION AND ACCESS
Uniform Resource Identifier http://site.ebrary.com/lib/rucke/Doc?id=10229747

No items available.

© 2026 Rongo University
Contact us: librarian | system librarian | Rongo university